Elektromagnetické polia v okolí vonkajších silových vedení : dátum obhajoby 12.9.2018, č. ved. odb. 5-2-30

Guardado en:
Detalles Bibliográficos
Autor principal: Bendík, Jozef (Autor)
Otros Autores: Eleschová, Žaneta (Orientador)
Formato: Manuscrito Libro
Lenguaje:eslovaco
Publicado: 2018
Materias:
Acceso en línea:http://is.stuba.sk/zp/portal_zp.pl?podrobnosti=130758
Etiquetas: Agregar Etiqueta
Sin Etiquetas, Sea el primero en etiquetar este registro!

MARC

LEADER 00000ntm a22000003a 4500
001 stuzp54450
003 SK-STU
005 20230412063000.5
007 ta
008 150427s2015----xo-----f-mn---000-0-slo-d
040 |a STU  |b slo 
041 0 |a slo 
044 |a xo 
100 1 |a Bendík, Jozef  |u 032000  |k Z8  |4 aut  |U FEI Fakulta elektrotechniky a informatiky  |T FEI Ústav elektroenergetiky a aplikovanej elektrotechniky  |X 6068  |U E020  |Y 548  |7 A000006068 
242 0 1 |a Electromagnetic Fields of Overhead Power Lines  |y eng 
245 1 0 |a Elektromagnetické polia v okolí vonkajších silových vedení :  |b dátum obhajoby 12.9.2018, č. ved. odb. 5-2-30 
260 |c 2018 
300 |a 131 s.,  |b AUTOREF. 2018, 39 s. 
650 4 |a vonkajšie vedenia  |2 slo 
650 4 |a numerické metódy  |2 slo 
650 4 |a intenzita elektrického poľa  |2 slo 
650 4 |a indukcia magnetického poľa  |2 slo 
650 4 |a indukované prúdy  |2 slo 
650 4 |a elektromagnetické polia  |2 slo 
650 4 |a electromagnetic fields  |2 eng 
650 4 |a power transmission line  |2 eng 
650 4 |a numerical methods  |2 eng 
650 4 |a intensity of electric field  |2 eng 
650 4 |a magnetic flux density  |2 eng 
650 4 |a induced currents  |2 eng 
700 1 |a Eleschová, Žaneta  |u 032000  |k Z1  |4 ths  |U FEI Fakulta elektrotechniky a informatiky  |T FEI Ústav elektroenergetiky a aplikovanej elektrotechniky  |X 1875  |U E020  |Y 548  |7 A000001875 
856 4 |u http://is.stuba.sk/zp/portal_zp.pl?podrobnosti=130758 
996 |b 284ED01614  |c E*ZP-477  |l EE01  |s A  |a 24  |w stuzp54450_0001